书目信息 |
| 题名: |
无机合成
|
|
| 作者: | AUDRIETH 主编 | |
| 分册: | 第三卷 | |
| 出版信息: | 北京 科学出版社 1962 |
|
| 页数: | 181页 | |
| 开本: | 20cm | |
| 丛书名: | ||
| 单 册: | ||
| 中图分类: | O611.6 | |
| 科图分类: | ||
| 主题词: | 无机化学 | |
| 电子资源: | ||
| ISBN: | ||
| 000 | 00593nam0 2200217 45 | |
| 001 | 0186010179 | |
| 005 | 20060331102122.18 | |
| 010 | @dCNY0.90 | |
| 100 | @a19900818d1962 kemy0chiy0121 ea | |
| 101 | 1 | @achi@ceng |
| 102 | @aCN@b110000 | |
| 105 | @ay z 000yy | |
| 200 | 10 | @a无机合成@Awu ji he cheng@h第三卷@f(美)L·F·AUDRIETH主编@F(mei)L·F·AUDRIETH zhu bian |
| 210 | @a北京@c科学出版社@d1962 | |
| 215 | @a181页@d20cm | |
| 606 | 0 | @a无机化学 |
| 690 | @aO611.6@v4 | |
| 701 | 0 | @aAUDRIETH@4主编 |
| 801 | 0 | @aCN@b深圳图书馆@c20060331 |
| 801 | 2 | @aCN@bNLC@c20051108 |
| 905 | @dO611.6@e2:3 | |
| 无机合成.第三卷/(美)L·F·AUDRIETH主编.-北京:科学出版社,1962 |
| 181页;20cm |
| ISBN :CNY0.90 |
| ● |
| 相关链接 |
|
|
|
|
正题名:无机合成
索取号:O611.6/2:3
 
预约/预借
| 序号 | 登录号 | 条形码 | 馆藏地/架位号 | 状态 | 备注 |
| 1 | 0017882 | 202236311 | 密集书库/ [索取号:O611.6/2:3] | 在馆 |